Celebrando 10 años, los casos y los escritos premiados de las diez primeras ediciones del Moot Madrid, tomo I : (Registro nro. 21545)

Detalles MARC
000 -Cabecera
Campo de control interno 00686nam a22002177a 4500
005 - Fecha y hora del registro
control field 20260312100430.0
008 - Elementos de Longitud Fija
fixed length control field 260312b |||||||| |||| 00| 0 spa d
041 ## - Idioma
Codigo Idioma ESP
082 ## - DEWEY y NOTACIÓN INTERNA
Dewey 345.721
Notación Interna U61 V. 1
100 ## - AUTOR
Autor denominación ,
110 ## - AUTOR INSTTITUCIONAL
Autor Institucional Universidad Carlos III de Madrid
245 ## - TÍTULO DE MATERIAL BIBLIOGRÁFICO
Título Celebrando 10 años, los casos y los escritos premiados de las diez primeras ediciones del Moot Madrid, tomo I :
Título paralelo los casos y los escritos premiados de las diez primeras ediciones del Moot Madrid
260 ## - CIUDAD, EDITORIAL, AÑO
Ciudad :
Nombre de la Editorial ,
Año 2018
300 ## - DESCRIPCIÓN
N° Páginas varias paginaciones :
Otros detalles ;
Dimensiones 30 cm.
440 ## - MENCIÓN DE SERIE
Título de la Serie ;
650 ## - TEMAS
Temas Generalidades
654 ## - PROGRAMAS
Programa Dpto. de Humanidades
700 ## - OTROS AUTORES
Otros autores ;
942 ## - ELEMENTOS DE KOHA
Tipo de documento Libro
Nombre del creador Justo Noguera
Código de catalogador Justo Noguera
Suppress in OPAC No
Esquema de clasificación Dewey Decimal Classification
Existencias
Codigo completo Registro Colección Copia número Disponibilidad Tipo de préstamo Biblioteca Actual Procedencia (Biblioteca) Ubicacón Fecha Ingreso Tipo de Adquisición Date last seen Total checkouts Price effective from Tipo de Item Estado del Material Fuente de Clasificación Damaged status Withdrawn status
345.721 U61 V. 1 1061275 Universidad Católica San Pablo 1 Disponible Disponible Víctor Andrés Belaunde Víctor Andrés Belaunde Primer piso 12/03/2026 Donación 12/03/2026   12/03/2026 Libro Bueno Dewey Decimal Classification    
345.721 U61 V. 2 1061276 Universidad Católica San Pablo 2 Disponible Disponible Víctor Andrés Belaunde Víctor Andrés Belaunde Primer piso 12/03/2026 Donación 12/03/2026   12/03/2026 Libro Bueno Dewey Decimal Classification